00864 2200193 4500245006900000020002200069250001100091100002600102700001900128650001700147650001300164005001900177260002900196041001400225084001000239300002500249500038700274336000900661 aLa Tahzan for Broken Heart MuslimahcRiyadus Shalihin EmkahText a978-602-300-281-8 aCet. 1 aRiyadus Shalihin Emka aLia Noviastuti aAkhlak Mulia aMuslimah a20240507103743 aYogyakartabAraskac2016 aIndonesia a297.5 a208 hlm. :c20.5 cm. aBuku ini disusun untuk menenangkan jiwa dan mencerahkan hati bagi kaum muslimah yang sedang patah hati. Selain itu, buku ini juga memberikan inspirasi pengunggah jiwa yang positif dan untaian-untaian nasihat yang dapat diambil hikmahnya. Dengan demikian, muslimah yang patah hati dapat menemukan semangatnya kembali. Sehingga membuat muslimah yang patah hati bisa tersenyum kembali. atext